000 00717nam a22002417a 4500
999 _c12854
_d12854
003 AR-CdUCM
008 190305b ||||| |||| 00| 0 spa d
040 _aMUNICIPALIDAD PROVINCIAL DEL CUSCO
_cBIBLIOTECA MUNICIPAL DEL CUSCO
082 _aES / 373.808 /
_bB74
100 _aBorges, Jorge Luis
_92792
245 _aNarraciones :
260 _aEspaña :
_bSalvat editores,
_bAlianza Editorial,
_c1970.
300 _a135 páginas ;
_c18.5 cm.
440 _aLIbro RTV
_n91
_930940
500 _aLiteratura
650 _acuentos
_93009
650 _aHistoria
_9136
650 _aLiteratura
_983
650 _aEspaña
_9176
700 _aMoran, Fernando
_930941
942 _2ddc
_cLIBROS
945 _apjha
_d2019-04-10